49 gol spettacolari /

Tallennettuna:
Bibliografiset tiedot
Päätekijä: Martini, Davide (omonimi non identificati) (Tekijä)
Aineistotyyppi: Kirja
Kieli:italia
Julkaistu: Roma : Playground, [2006]
Sarja:High school
Tagit: Lisää tagi
Ei tageja, Lisää ensimmäinen tagi!

MARC

LEADER 00000nam a22000007i 4500
001 IT\ICCU\BVE\0417395
003 ItRI
005 20260124121932.0
008 061218s2006 it |||||| ||||| |||||c
020 |a 8889113197 
020 |a 9788889113196 (2. ed. 2007) 
020 |z 9788889113197 
040 |b ita  |c Arcigay Queer VdA 
041 7 |a ita  |2 ISO-639-2 
100 1 |a Martini, Davide  |c  (omonimi non identificati)  |0 IT\ICCU\MILV\213388  |4 aut 
245 1 0 |a 49 gol spettacolari /  |c di Davide Martini. 
260 |a Roma :  |b Playground,  |c [2006] 
300 |a 170 p. ;  |c 20 cm. 
830 0 |a High school  |0 IT\ICCU\UBO\2598499 
942 |2 ddc  |c BK 
952 |0 0  |1 0  |2 ddc  |4 0  |6 853_920000000000000_MAR_49G  |7 1  |9 3806  |a AO  |b AO  |d 2025-04-18  |l 0  |o 853.92 MAR 49G  |p 11054  |r 2025-04-18 12:19:11  |w 2025-04-18  |x Di proprietà di Giulio Gasperini  |y BK 
952 |0 0  |1 0  |4 0  |6 R_853_920000000000000_MAR  |7 0  |9 18289  |a BO  |b BO  |d 2026-01-15  |i 10790  |l 0  |o R 853.92 MAR  |p BO10790  |r 2026-01-15 23:19:56  |w 2026-01-15  |x [Sebina 5] [1 v.]  |y BK  |z 1 v. 
999 |c 2973  |d 2973